[Event "Uljanovsk Cup op"]
[Site "Uljanovsk"]
[Date "2008.11.18"]
[Round "4"]
[White "Markin, Igor"]
[Black "Pavlovski, Yaroslav"]
[Result "1-0"]
[WhiteElo "2199"]
[BlackElo "2257"]
[PlyCount "73"]
[EventDate "2008.11.15"]
[EventType "swiss"]
[EventRounds "9"]
[EventCountry "RUS"]
[SourceTitle "EXT 2022"]
[Source "ChessBase"]
[SourceDate "2021.10.06"]
[SourceVersion "1"]
[SourceVersionDate "2021.10.06"]
[SourceQuality "1"]

1. Nf3 c5 2. c4 Nc6 3. d4 cxd4 4. Nxd4 Nf6 5. Nc3 d6 6. e4 e6 7. Be2 Be7 8. 0-0 a6 9. Be3 Bd7 10. Qd2 0-0 11. Rfd1 Qb8 12. f3 b5 13. cxb5 Nxd4 14. Bxd4 e5 15. Be3 axb5 16. b4 h6 17. a4 bxa4 18. b5 Be6 19. Rxa4 Rxa4 20. Nxa4 d5 21. exd5 Nxd5 22. Bf2 Bg5 23. Qb2 Ne3 24. Re1 Nc4 25. Bxc4 Bxc4 26. b6 Bf6 27. Qb4 Bd5 28. Qb5 Qa8 29. Nc5 Bc6 30. Qa6 Be7 31. Qa7 Bd6 32. Ra1 Qd8 33. Nb7 Qe7 34. Nxd6 Qxd6 35. Qc7 Qd5 36. Rc1 Be8 37. Qc5 1-0

[Event "Uljanovsk Cup op"]
[Site "Uljanovsk"]
[Date "2008.11.15"]
[Round "1"]
[White "Pavlovski, Yaroslav"]
[Black "Agapchev, Andrey"]
[Result "1-0"]
[WhiteElo "2257"]
[BlackElo "1698"]
[PlyCount "67"]
[EventDate "2008.11.15"]
[EventType "swiss"]
[EventRounds "9"]
[EventCountry "RUS"]
[SourceTitle "EXT 2022"]
[Source "ChessBase"]
[SourceDate "2021.10.06"]
[SourceVersion "1"]
[SourceVersionDate "2021.10.06"]
[SourceQuality "1"]

1. e4 g6 2. d4 d6 3. Nc3 Bg7 4. Be3 Nf6 5. f3 Nbd7 6. Qd2 e5 7. d5 a6 8. Nge2 b5 9. a4 b4 10. Na2 a5 11. c3 bxc3 12. Nexc3 Nb6 13. Qc2 Bd7 14. Nb5 Bxb5 15. Bxb5+ Nfd7 16. Rc1 Ra7 17. 0-0 0-0 18. b4 axb4 19. Nxb4 Nb8 20. Ra1 Ra5 21. Rfc1 Na8 22. Qc3 f5 23. Nc6 Nxc6 24. dxc6 f4 25. Bf2 Rxb5 26. axb5 Qe7 27. Qc4+ Kh8 28. b6 Nxb6 29. Bxb6 cxb6 30. c7 Rc8 31. Qc6 Qf8 32. Ra8 h5 33. Rxc8 Qxc8 34. Ra1 1-0

[Event "Voronezh op-A"]
[Site "Voronezh"]
[Date "2008.06.20"]
[Round "8"]
[White "Stetsko, Lanita"]
[Black "Pavlovski, Yaroslav"]
[Result "1/2-1/2"]
[WhiteElo "1994"]
[BlackElo "2263"]
[PlyCount "117"]
[EventDate "2008.06.12"]
[EventType "swiss"]
[EventRounds "9"]
[EventCountry "RUS"]
[SourceTitle "CBM 125 Extra"]
[Source "ChessBase"]
[SourceDate "2008.09.01"]
[SourceVersion "1"]
[SourceVersionDate "2008.09.01"]
[SourceQuality "1"]

1. e4 e6 2. d4 d5 3. e5 c5 4. c3 Qb6 5. Nf3 Bd7 6. a3 a5 7. Be2 Nc6 8. 0-0 Nh6 9. c4 dxc4 10. d5 exd5 11. Qxd5 Be6 12. Qe4 Nd4 13. Nxd4 cxd4 14. Bxh6 gxh6 15. Nd2 Rc8 16. Rac1 d3 17. Bf3 Qb5 18. Qxb7 Qxb7 19. Bxb7 Rc5 20. f4 Rc7 21. Ba6 Bc5+ 22. Kh1 Be3 23. Rxc4 Bxc4 24. Nxc4 Bc5 25. Nxa5 0-0 26. Bxd3 Rd8 27. Bb5 Be3 28. Nc6 Rdc8 29. g3 Rxc6 30. Bxc6 Rxc6 31. b4 Rc2 32. Rf3 Bb6 33. a4 Rb2 34. a5 Ba7 35. Ra3 Rxb4 36. Kg2 Rb2+ 37. Kf3 Rxh2 38. Ke4 Re2+ 39. Kd5 Kg7 40. a6 Kg6 41. Rc3 Rd2+ 42. Ke4 Rd4+ 43. Kf3 Rd7 44. Rc6+ Kg7 45. g4 Re7 46. Ke4 Rd7 47. Kf5 Bf2 48. e6 fxe6+ 49. Kxe6 Rf7 50. f5 Bd4 51. Rd6 Rf6+ 52. Kd5 Ba7 53. Rxf6 Kxf6 54. Ke4 Bb8 55. Kf3 Ke5 56. Kg3 Ba7 57. Kh4 Kf6 58. Kh5 Kg7 59. f6+ 1/2-1/2